Star Wars: Jedi Knight - Force Powers - Statistics

General Stats
  • This quiz has been taken 492 times
  • The average score is 18 of 55
Answer Stats
Answer % Correct
Force Push
89%
Force Push
89%
Force Push
89%
Chain Lightning
79%
Force Lightning
79%
Force Lightning
79%
Lightning Bolts
70%
Force Pull
68%
Force Pull
68%
Force Pull
68%
Force Pull
68%
Force Jump
58%
Force Jump
58%
Force Jump
58%
Force Jump
58%
Jedi Mind Trick
51%
Jedi Mind Trick
51%
Force Heal
38%
Force Heal
38%
Force Speed
38%
Force Speed
38%
Force Speed
38%
Force Speed
38%
Healing
35%
Health
35%
Force Throw
29%
Force Grip
24%
Force Grip
24%
Force Grip
24%
The Grip
24%
Force Drain
21%
Lightsaber Throw
19%
Lightsaber Throw
19%
Lightsaber Throw
19%
Absorb
15%
Absorb
15%
Force Absorb
15%
Force Sense
14%
Force Rage
13%
Force Protection
10%
Force Protection
10%
Force Seeing
6%
Force Seeing
6%
Destruction
5%
Destruction
5%
Force Defence
5%
Persuasion
5%
Persuasion
5%
Blinding
4%
Blinding
4%
Far Sight
4%
Force Projection
4%
Lightsaber Defense
4%
Deadly Sight
3%
Lightsaber Offense
3%
No matching quizzes found
Score Distribution
Percent of People with Each Score
Percentile by Number Answered
Your Score History
You have not taken this quiz